01441nam a2200325 a 4500001001000000003000900010005001700019007001000036008004100046040002200087092001700109100004800126245013300174260004900307300002700356490002200383500004200405504005200447650003100499700003100530830001100561910000600572942001200578945002700590952014700617952014900764952014900913956003801062999001501100000008353DO-SdBNP20171107094915.0000008353090916t1992 dr ad 001 0 spa d aBPMSUbspacBPMSU a658.3bR696t1 aRodríguez Rodríguez, Víctor Melitón13aEl trabajo en equipo en la administración moderna /cVíctor Melitón Rodríguez Rodríguez; prólogo Frank A. Friedheim. aSanto Domingo :bBiblioteca Nacional,c1992. a98 p. :bil. ;c23 cm.0 aOrfeo (2ª etapa) aIncluye notas al pie de las páginas aIncluye referencias bibliográficas (95-98 p.) 4aADMINISTRACION DE PERSONAL1 aFriedheim, Frank,dpról. pOrfeo  a  2ddccBK aInventariado / 2017 VM 00102ddc40708CDaBPMETbBPMETd2015-04-28eBiblioteca Nacional Pedro Henríquez Ureñal0pBPM15041436r2015-04-28te. 3w2015-04-28yBK 00102ddc40708CDaBPMETbBPMETd2017-03-02eBiblioteca Nacional Pedro Henríquez Ureñal0pBPMSU17030003r2017-03-02te. 2w2017-03-02yBK 00102ddc40708CDaBPMETbBPMETd2017-03-02eBiblioteca Nacional Pedro Henríquez Ureñal0pBPMSU17030004r2017-03-02te. 3w2017-03-02yBK aVMATEOb10c20150428lBPMSUh0069 c7738d7738